Automatická predikcia toho či a kedy človek prejde to miernej kognitivnej poruchy

Uložené v:
Podrobná bibliografia
Hlavný autor: Markus, Ubaldo Aurélius (Autor)
Ďalší autori: Czanner, Gabriela (Vedúci práce)
Médium: Rukopis Kniha
Jazyk:Slovak
Vydavateľské údaje: 2024
Predmet:
On-line prístup:http://is.stuba.sk/zp/portal_zp.pl?podrobnosti=168995
Tagy: Pridať tag
Žiadne tagy, Buďte prvý, kto otaguje tento záznam!

MARC

LEADER 00000ntm a22000003a 4500
001 stuzp96951
003 SK-STU
005 20240615210442.6
007 ta
008 150427s2015----xo-----f-mn---000-0-slo-d
040 |a STU  |b slo 
041 0 |a slo 
100 1 |a Markus, Ubaldo Aurélius  |u 070200  |4 aut  |U FIIT Fakulta informatiky a informačných technológií  |T FIIT Ústav informatiky, informačných systémov a softvérového inžinierstva  |X 116245  |U I200  |Y 179  |7 116245 
242 0 1 |a Automatic prediction of whether and when a person will experience amnestic mild cognitive impairment  |y eng 
245 1 0 |a Automatická predikcia toho či a kedy človek prejde to miernej kognitivnej poruchy 
260 |c 2024 
650 4 |a Predikcia choroby  |2 slo 
650 4 |a Amnestická mierna kognitívna porucha  |2 slo 
650 4 |a Strojové učenie  |2 slo 
650 4 |a Amnestic mild cognitive impairment  |2 eng 
650 4 |a Machine learning  |2 eng 
650 4 |a Illness prediction  |2 eng 
700 1 |a Czanner, Gabriela  |u 070200  |k Z8  |4 ths  |U FIIT Fakulta informatiky a informačných technológií  |T FIIT Ústav informatiky, informačných systémov a softvérového inžinierstva  |X 111924  |U I200  |Y 179  |7 111924 
856 4 |u http://is.stuba.sk/zp/portal_zp.pl?podrobnosti=168995